জননী / (Record no. 6252)
[ view plain ]
| 000 -LEADER | |
|---|---|
| fixed length control field | 00598nam a22001937a 4500 |
| 003 - CONTROL NUMBER IDENTIFIER | |
| control field | BUBTL |
| 008 - FIXED-LENGTH DATA ELEMENTS--GENERAL INFORMATION | |
| fixed length control field | 200122b xxu||||| |||| 00| 0 eng d |
| 020 ## - INTERNATIONAL STANDARD BOOK NUMBER | |
| International Standard Book Number | 9844584078 |
| 082 ## - DEWEY DECIMAL CLASSIFICATION NUMBER | |
| Classification number | 891.443 / Os53j |
| 100 ## - MAIN ENTRY--PERSONAL NAME | |
| 9 (RLIN) | 2025 |
| Personal name | ওসমান, শওকত |
| 245 ## - TITLE STATEMENT | |
| Title | জননী / |
| Statement of responsibility, etc. | শওকত ওসমান |
| 250 ## - EDITION STATEMENT | |
| Edition statement | 5th edn. |
| 260 ## - PUBLICATION, DISTRIBUTION, ETC. (IMPRINT) | |
| Place of publication, distribution, etc. | ঢাকা : |
| Name of publisher, distributor, etc. | সময় প্রকাশন, |
| Date of publication, distribution, etc. | c2015. |
| 300 ## - PHYSICAL DESCRIPTION | |
| Extent | 208 p. : |
| Dimensions | 21 cm. |
| 650 #0 - SUBJECT ADDED ENTRY--TOPICAL TERM | |
| 9 (RLIN) | 1687 |
| Topical term or geographic name as entry element | বাংলা সাহিত্য |
| 856 ## - ELECTRONIC LOCATION AND ACCESS | |
| Password | 0 |
| Logon | 0 |
| Link text | Download |
| 942 ## - ADDED ENTRY ELEMENTS (KOHA) | |
| Source of classification or shelving scheme | |
| Koha item type | Books |
| Withdrawn status | Lost status | Source of classification or shelving scheme | Damaged status | Not for loan | Collection code | Permanent location | Current location | Shelving location | Date acquired | Source of acquisition | Inventory number | Total Checkouts | Full call number | Barcode | Date last seen | Date last checked out | Copy number | Price effective from | Koha item type |
|---|---|---|---|---|---|---|---|---|---|---|---|---|---|---|---|---|---|---|---|
| Fiction | Bangladesh University of Business and Technology Library | Bangladesh University of Business and Technology Library | Fiction | 11/13/2016 | Purchase | 22993 | 1 | 891.443 / Os53j | BUBTL-200322993 | 03/14/2022 | 01/11/2022 | C-1 | 01/22/2020 | Books | |||||
| Fiction | Bangladesh University of Business and Technology Library | Bangladesh University of Business and Technology Library | Fiction | 11/13/2016 | Purchase | 22994 | 891.443 / Os53j | BUBTL-200322994 | 01/22/2020 | C-2 | 01/22/2020 | Books |
